000 01438nam a2200337Ia 4500
001 ebr10676968
003 CaPaEBR
006 m u
007 cr cn|||||||||
008 120420s2012 enka sb 001 0 eng d
010 _z 2012429516
020 _z9781443835145 (hbk.)
020 _z1443835145 (hbk.)
020 _z9781443835473
040 _aCaPaEBR
_cCaPaEBR
035 _a(OCoLC)786442551
050 1 4 _aPR6003.E282
_bZ62487 2012eb
100 1 _aDincel, Burc Idem.
245 1 0 _aLast tape on stage in translation
_h[electronic resource] :
_bunwinding Beckett's spool in Turkey /
_cby Burc Idem Dincel.
260 _aNewcastle upon Tyne :
_bCambridge Scholars,
_c2012.
300 _ax, 131 p. :
_bill.
504 _aIncludes bibliographical references (p. [121]-127) and index.
533 _aElectronic reproduction.
_bPalo Alto, Calif. :
_cebrary,
_d2013.
_nAvailable via World Wide Web.
_nAccess may be limited to ebrary affiliated libraries.
600 1 0 _aBeckett, Samuel,
_d1906-1989
_xCriticism and interpretation.
600 1 0 _aBeckett, Samuel,
_d1906-1989
_xStage history
_zTurkey.
600 1 0 _aBeckett, Samuel,
_d1906-1989.
_tKrapp's last tape
_vTranslations into Turkish.
650 0 _aDrama
_xHistory.
655 7 _aElectronic books.
_2local
710 2 _aebrary, Inc.
856 4 0 _uhttp://site.ebrary.com/lib/rucke/Doc?id=10676968
_zAn electronic book accessible through the World Wide Web; click to view
999 _c58735
_d58735